00440nam a2200157 a 450000100060000000300090000600800410001504000280005608200170008410000350010124500310013626000390016730000110020665000260021765000390024315565CO-ViMGA141112s2004 ck r 000 u spa d aCO-ViMGAbspacCO-ViMGA04a923.186 R6411 aRojas de Moreno, Maria Eugenia10aRojas Pinilla : bMi padre aBogotá, cImprenta Nacional 2000 a482.p.14aPOLITICOS COLOMBIANOS14aROJAS PINILLA GUSTAVO, 1900 - 1975